000 00355nam a22001577a 4500
003 SGT
020 _a978-1-1387-4497-4
082 _a362.2
_bC14M
100 _aMORITSUGU, JOHN
245 _aCOMMUNITY PSYCHOLOGY
250 _a5TH
260 _aLONDON
_bROUTLEDGE PUB
_c2014
300 _a388
650 _aCOMMUNITY PSYCHOLOGY
942 _2ddc
_cBK
_012
999 _c18496
_d18496